[Event "GER-chT U14 Girls"]
[Site "Magdeburg"]
[Date "2013.12.27"]
[Round "1.4"]
[White "Christiansen, Sarah"]
[Black "Wiehe, Clara"]
[Result "1-0"]
[WhiteElo "1085"]
[BlackElo "889"]
[PlyCount "149"]
[EventDate "2013.12.27"]
[EventType "team-swiss"]
[EventRounds "4"]
[EventCountry "GER"]
[SourceTitle "EXT 2015"]
[Source "ChessBase"]
[SourceDate "2014.11.20"]
[SourceVersion "1"]
[SourceVersionDate "2014.11.20"]
[SourceQuality "1"]
[WhiteTeam "Schachelschweine"]
[BlackTeam "Leipzig SG"]
[WhiteTeamCountry "GER"]
[BlackTeamCountry "GER"]

1. e4 e5 2. Nf3 Nc6 3. Bc4 Bc5 4. c3 Nf6 5. d4 Bb6 6. Bg5 d6 7. h3 h6 8. Be3 Be6 9. Bb3 Nxe4 10. Nbd2 Nf6 11. Bc2 Qd7 12. Ne4 Nxe4 13. Bxe4 d5 14. Bc2 0-0-0 15. dxe5 Rde8 16. Bxb6 axb6 17. g4 Qe7 18. Ba4 Bd7 19. Qxd5 Nxe5 20. Bxd7+ Nxd7+ 21. Kd2 Qe6 22. Qxe6 Rxe6 23. g5 h5 24. Rhe1 Rhe8 25. Nd4 Re5 26. Nb5 Kd8 27. Rxe5 Nxe5 28. f4 Ng6 29. f5 Nf4 30. Rh1 Re5 31. Nd4 c5 32. Nb5 Rxf5 33. Nd6 Rd5+ 34. Kc2 Rxd6 35. Rf1 Nxh3 36. Rxf7 Rd7 37. Rf8+ Ke7 38. Rh8 Nxg5 39. Rxh5 Nf3 40. b4 Rd2+ 41. Kb3 Kd6 42. bxc5+ bxc5 43. a4 Kc6 44. Rh7 g5 45. Rf7 Rd3 46. Rf8 g4 47. Kc4 Ne5+ 48. Kb3 b6 49. Rc8+ Kd7 50. Rb8 Kc7 51. Re8 Nf7 52. Re7+ Rd7 53. Re4 g3 54. Rg4 Rd3 55. Rg7 Rf3 56. Kc4 Kd6 57. Kb5 Kc7 58. c4 Kb7 59. Rg6 Kc7 60. Rxb6 Nd6+ 61. Kxc5 Nxc4 62. Rg6 Ne3 63. Rg7+ Kd8 64. a5 Nf5 65. Rg6 Ke7 66. a6 g2 67. Rxg2 Ra3 68. Kb6 Nd6 69. a7 Kd7 70. Rg7+ Kc8 71. Kc6 Kd8 72. Kxd6 Rd3+ 73. Kc5 Rd7 74. Rxd7+ Kxd7 75. a8Q 1-0

[Event "North Germany-chT U14 Girls"]
[Site "Guestrow"]
[Date "2013.09.15"]
[Round "5.3"]
[White "Christiansen, Sarah"]
[Black "Kieckbusch, Sabrina"]
[Result "1-0"]
[WhiteElo "1037"]
[BlackElo "757"]
[PlyCount "83"]
[EventDate "2013.09.13"]
[EventType "team-swiss"]
[EventRounds "5"]
[EventCountry "GER"]
[SourceTitle "EXT 2017"]
[Source "ChessBase"]
[SourceDate "2016.10.25"]
[SourceVersion "1"]
[SourceVersionDate "2016.10.25"]
[SourceQuality "1"]
[WhiteTeam "Hamburg Schachelschweine"]
[BlackTeam "Eintracht Neubrandenburg"]
[WhiteTeamCountry "GER"]
[BlackTeamCountry "GER"]

1. e4 e5 2. Nf3 Nc6 3. Bc4 Bc5 4. c3 Nf6 5. d4 exd4 6. e5 Ne4 7. Bd5 f5 8. cxd4 Bb4+ 9. Bd2 d6 10. Bxc6+ bxc6 11. Bxb4 c5 12. Bc3 Nxc3 13. Nxc3 cxd4 14. Qxd4 dxe5 15. Qxe5+ Qe7 16. Qxe7+ Kxe7 17. Nd5+ Kd7 18. 0-0-0 Re8 19. Nb6+ Kc6 20. Nxa8 Bb7 21. Nd4+ Kd7 22. Nxf5+ Kc6 23. Rhe1 Rxe1 24. Rxe1 Bxa8 25. Re6+ Kd5 26. Nxg7 c5 27. f4 Kd4 28. f5 Bd5 29. Rd6 a5 30. f6 Kc4 31. Rxd5 Kxd5 32. f7 c4 33. f8Q Kd4 34. Qf4+ Kc5 35. Ne6+ Kd5 36. Qd4+ Kxe6 37. Qxc4+ Kf5 38. Qe2 a4 39. Kd2 Kg5 40. Qf3 h5 41. Ke3 h4 42. Ke4 1-0

[Event "GER-ch U12"]
[Site "Oberhof"]
[Date "2013.05.20"]
[Round "4"]
[White "Christiansen, Sarah"]
[Black "Ehmann, Johanna"]
[Result "0-1"]
[WhiteElo "1014"]
[BlackElo "1350"]
[PlyCount "64"]
[EventDate "2013.05.19"]
[EventType "swiss"]
[EventRounds "11"]
[EventCountry "GER"]
[SourceTitle "CBM 154 Extra"]
[Source "ChessBase"]
[SourceDate "2013.06.25"]
[SourceVersion "2"]
[SourceVersionDate "2013.06.25"]
[SourceQuality "1"]

1. e4 e5 2. Nf3 Nc6 3. Bc4 Bc5 4. c3 Nf6 5. d4 exd4 6. e5 d5 7. Bb5 Ne4 8. cxd4 Bb4+ 9. Bd2 Bxd2+ 10. Nbxd2 Nxd2 11. Qxd2 Bf5 12. Bxc6+ bxc6 13. Rc1 Bd7 14. 0-0 0-0 15. Rfe1 Rb8 16. Rc2 Rb6 17. Ng5 h6 18. e6 Bxe6 19. Nxe6 fxe6 20. Rxe6 Re8 21. Rg6 Qe7 22. Rc1 Rxb2 23. Qc3 Rc2 24. h3 Rxc3 25. Rxc3 Qe1+ 26. Kh2 Qxc3 27. f3 c5 28. Rc6 Qxd4 29. Rxc7 Qe5+ 30. Kg1 Qxc7 31. a4 Qg3 32. a5 Re1# 0-1